<?xml version="1.0" encoding="UTF-8"?>
<record
    xmlns:xsi="http://www.w3.org/2001/XMLSchema-instance"
    xsi:schemaLocation="http://www.loc.gov/MARC21/slim http://www.loc.gov/standards/marcxml/schema/MARC21slim.xsd"
    xmlns="http://www.loc.gov/MARC21/slim">

  <leader>01156nam a2200301 i 4500</leader>
  <controlfield tag="001">000019802</controlfield>
  <controlfield tag="003">DO-SdBNP</controlfield>
  <controlfield tag="005">20240424113815.0</controlfield>
  <controlfield tag="006">a||||gr|||| 00| 0 </controlfield>
  <controlfield tag="007">ta</controlfield>
  <controlfield tag="008">100707e2004    dr      r     001 0 spa d</controlfield>
  <datafield tag="040" ind1=" " ind2=" ">
    <subfield code="a">DO-SdBNP</subfield>
    <subfield code="b">spa</subfield>
    <subfield code="c">BNPHU</subfield>
    <subfield code="e">rda</subfield>
  </datafield>
  <datafield tag="082" ind1=" " ind2="4">
    <subfield code="b">G643r</subfield>
    <subfield code="2">22</subfield>
  </datafield>
  <datafield tag="100" ind1="1" ind2=" ">
    <subfield code="a">G&#xF3;nzalez Canahuate, L. Almanzor,</subfield>
    <subfield code="d">[1935-]</subfield>
    <subfield code="9">42280</subfield>
    <subfield code="e">autor</subfield>
  </datafield>
  <datafield tag="245" ind1="1" ind2="0">
    <subfield code="a">Recopilaci&#xF3;n jurisprudencial integrada de las decisiones de la Suprema Corte de Justicia de la Rep&#xFA;blica Dominicana :</subfield>
    <subfield code="b">procedimiento civil y comercial, 1973-1981 /</subfield>
    <subfield code="c">Juan Manuel Pellerano G&#xF3;mez , pr&#xF3;logo</subfield>
  </datafield>
  <datafield tag="264" ind1="1" ind2=" ">
    <subfield code="a">Santo Domingo :</subfield>
    <subfield code="b">El Pa&#xED;s ,</subfield>
    <subfield code="c">1982</subfield>
  </datafield>
  <datafield tag="300" ind1=" " ind2=" ">
    <subfield code="a">xxi, 698 p&#xE1;ginas ;</subfield>
    <subfield code="c">22 cm.</subfield>
  </datafield>
  <datafield tag="336" ind1=" " ind2=" ">
    <subfield code="2">rdacontent</subfield>
    <subfield code="a">texto</subfield>
    <subfield code="b">txt</subfield>
  </datafield>
  <datafield tag="337" ind1=" " ind2=" ">
    <subfield code="2">rdamedia</subfield>
    <subfield code="a">sin mediaci&#xF3;n</subfield>
    <subfield code="b">n</subfield>
  </datafield>
  <datafield tag="338" ind1=" " ind2=" ">
    <subfield code="2">rdacarrier</subfield>
    <subfield code="a">volumen</subfield>
    <subfield code="b">nc</subfield>
  </datafield>
  <datafield tag="500" ind1="0" ind2=" ">
    <subfield code="a">Incluye datos biogr&#xE1;ficos del autor.-</subfield>
  </datafield>
  <datafield tag="500" ind1="0" ind2=" ">
    <subfield code="a">Incluye ap&#xE9;ndice.-</subfield>
  </datafield>
  <datafield tag="500" ind1="0" ind2=" ">
    <subfield code="a">Incluye referencias bibliogr&#xE1;ficas y notas al pie de p&#xE1;ginas.-</subfield>
  </datafield>
  <datafield tag="500" ind1="0" ind2=" ">
    <subfield code="a">Contiene &#xED;ndice alfab&#xE9;tico.-</subfield>
  </datafield>
  <datafield tag="590" ind1=" " ind2=" ">
    <subfield code="a">Inventariado 2024 / MF</subfield>
  </datafield>
  <datafield tag="700" ind1=" " ind2=" ">
    <subfield code="a">Pellerano G&#xF3;mez , Juan Manuel ,</subfield>
    <subfield code="e">pr&#xF3;logo.</subfield>
    <subfield code="9">7065</subfield>
  </datafield>
  <datafield tag="942" ind1=" " ind2=" ">
    <subfield code="2">ddc</subfield>
    <subfield code="c">LFM</subfield>
  </datafield>
  <datafield tag="952" ind1=" " ind2=" ">
    <subfield code="0">0</subfield>
    <subfield code="1">0</subfield>
    <subfield code="2">ddc</subfield>
    <subfield code="5">1</subfield>
    <subfield code="7">0</subfield>
    <subfield code="8">PD</subfield>
    <subfield code="a">BNPHU</subfield>
    <subfield code="b">BNPHU</subfield>
    <subfield code="c">CT</subfield>
    <subfield code="d">2019-01-25</subfield>
    <subfield code="e">Donado por la biblioteca del Dom&#xED;nico Americano</subfield>
    <subfield code="l">0</subfield>
    <subfield code="o">G589r</subfield>
    <subfield code="p">19802-10</subfield>
    <subfield code="r">2020-06-25</subfield>
    <subfield code="w">2020-06-25</subfield>
    <subfield code="y">LFM</subfield>
  </datafield>
  <datafield tag="952" ind1=" " ind2=" ">
    <subfield code="0">0</subfield>
    <subfield code="1">0</subfield>
    <subfield code="2">ddc</subfield>
    <subfield code="5">1</subfield>
    <subfield code="7">0</subfield>
    <subfield code="8">PD</subfield>
    <subfield code="a">BNPHU</subfield>
    <subfield code="b">BNPHU</subfield>
    <subfield code="c">CT</subfield>
    <subfield code="d">2019-01-03</subfield>
    <subfield code="e">Donado por el Poder Judicial</subfield>
    <subfield code="l">0</subfield>
    <subfield code="o">G643r</subfield>
    <subfield code="p">19802-20</subfield>
    <subfield code="r">2020-11-06</subfield>
    <subfield code="t">e.2</subfield>
    <subfield code="w">2020-11-06</subfield>
    <subfield code="y">LFM</subfield>
  </datafield>
  <datafield tag="999" ind1=" " ind2=" ">
    <subfield code="c">19315</subfield>
    <subfield code="d">19315</subfield>
  </datafield>
</record>
